[Event "III Open Praiascacchi"]
[Site "Praia a Mare ITA"]
[Date "2011.04.21"]
[Round "3"]
[White "Carlomagno, Vincenzo"]
[Black "Ljubisavljevic, Zivojin Z."]
[Result "0-1"]
[WhiteElo "1871"]
[BlackElo "2211"]
[PlyCount "84"]
[EventDate "2011.04.20"]

1. e4 c6 2. d4 d5 3. e5 Bf5 4. c4 dxc4 5. Bxc4 e6 6. Nc3 Nd7 7. Nge2 Nb6 8. Bb3
Ne7 9. O-O Ned5 10. Ng3 Bg6 11. Nce4 Be7 12. h4 Bxh4 13. Nd6+ Kf8 14. Nxb7 Qe7
15. Nc5 Bxg3 16. fxg3 Kg8 17. Qf3 h5 18. Ne4 h4 19. Bc2 Rc8 20. Bg5 Qb4 21.
Rad1 Qxb2 22. Bb3 h3 23. Rd2 Bxe4 24. Qxe4 Qc3 25. Rd3 Qb4 26. gxh3 Rxh3 27.
Bh4 Nd7 28. Bxd5 cxd5 29. Qg2 Rxh4 30. gxh4 f5 31. Qg6 Qb6 32. h5 Nxe5 33. Qg3
Nxd3 34. Qxd3 e5 35. Rb1 Qxd4+ 36. Qxd4 exd4 37. Rd1 Kf7 38. Rxd4 Ke6 39. Ra4
Rc7 40. Ra6+ Ke5 41. h6 gxh6 42. Rxh6 Ke4 0-1

[Event "III Open Praiascacchi"]
[Site "Praia a Mare ITA"]
[Date "2011.04.21"]
[Round "3"]
[White "Cordi', Domenico"]
[Black "Vizza, Pietro"]
[Result "1-0"]
[WhiteElo "2042"]
[BlackElo "1479"]
[PlyCount "45"]
[EventDate "2011.04.20"]

1. d4 Nf6 2. c4 g6 3. Nc3 Bg7 4. e4 d6 5. Nf3 O-O 6. Be2 e5 7. O-O Nc6 8. d5
Ne7 9. Ne1 Nd7 10. Be3 f5 11. f3 f4 12. Bf2 g5 13. g4 Qe8 14. Nb5 Qg6 15. Nxc7
h5 16. Nxa8 hxg4 17. fxg4 Rf6 18. Bxa7 Qh7 19. Nc7 Rh6 20. Rf2 Nf6 21. Ne6 Nxe4
22. Bd3 Rh3 23. Bxe4 1-0

[Event "III Open Praiascacchi"]
[Site "Praia a Mare ITA"]
[Date "2011.04.21"]
[Round "3"]
[White "Greco, Simone"]
[Black "Carlomagno, Feliciano"]
[Result "1-0"]
[WhiteElo "1611"]
[BlackElo "1353"]
[PlyCount "53"]
[EventDate "2011.04.20"]

1. e4 c5 2. Nf3 Nc6 3. d4 e6 4. Be3 b6 5. c3 Be7 6. Qa4 Bb7 7. Nbd2 Nf6 8. h3
O-O 9. Bd3 d6 10. Qd1 Rb8 11. Nh2 Re8 12. Ng4 g6 13. f4 Nxg4 14. Qxg4 Bh4+ 15.
g3 f5 16. Qxh4 Qxh4 17. gxh4 Nd8 18. Rg1 Rc8 19. h5 Kg7 20. hxg6 hxg6 21. h4
Rh8 22. exf5 exf5 23. Bxf5 Rc7 24. Rxg6+ Kf7 25. Rg4 Re7 26. Kf2 Rhe8 27. Bg6+
1-0

[Event "III Open Praiascacchi"]
[Site "Praia a Mare ITA"]
[Date "2011.04.21"]
[Round "3"]
[White "Gromovs, Sergejs"]
[Black "Di Salvio, Giuseppe"]
[Result "1-0"]
[WhiteElo "2308"]
[BlackElo "1864"]
[PlyCount "117"]
[EventDate "2011.04.20"]

1. d4 Nf6 2. Nf3 g6 3. c4 Bg7 4. Nc3 d6 5. e4 O-O 6. Be2 c6 7. O-O Nbd7 8. Re1
e5 9. Bf1 Re8 10. d5 cxd5 11. cxd5 a6 12. Bd2 Nh5 13. Rc1 Nf8 14. b4 Bd7 15. a4
Rc8 16. a5 f5 17. exf5 Bxf5 18. Ne4 Bxe4 19. Rxe4 Nf6 20. Rec4 Rxc4 21. Bxc4
Qd7 22. h3 Rc8 23. Be3 Kh8 24. Ng5 h6 25. Nf3 Ng8 26. Qd2 Kh7 27. g4 Qf7 28.
Kg2 Nd7 29. Bb3 Rxc1 30. Qxc1 e4 31. Nd2 Ne5 32. Qd1 Nf6 33. Qe2 Nd3 34. Nxe4
Nxb4 35. Nxf6+ Qxf6 36. Bb6 Qe5 37. Qf3 Qc3 38. Qxc3 Bxc3 39. f4 Nd3 40. Kf3
Nc5 41. Bc2 Nd7 42. Bc7 Nf6 43. Bb3 Bb4 44. g5 Ne8 45. Bd8 Ng7 46. Ba4 Nf5 47.
Ke4 Ng3+ 48. Kd3 Nh5 49. Ke3 Ng7 50. Bd7 Nf5+ 51. Kd3 Ng3 52. Bc8 Nh5 53. Ke3
Bc5+ 54. Kf3 Ng7 55. Ke4 hxg5 56. fxg5 Nf5 57. Bxf5 gxf5+ 58. Kxf5 Bd4 59. h4
1-0

[Event "III Open Praiascacchi"]
[Site "Praia a Mare ITA"]
[Date "2011.04.21"]
[Round "3"]
[White "Levato, Biagio"]
[Black "Brogneri, Giovanni"]
[Result "0-1"]
[WhiteElo "1544"]
[BlackElo "1696"]
[PlyCount "94"]
[EventDate "2011.04.20"]

1. d4 e6 2. e4 b6 3. Nf3 Bb7 4. Bd3 c5 5. c3 cxd4 6. cxd4 Bb4+ 7. Nc3 Nf6 8.
Bg5 Be7 9. Qd2 O-O 10. e5 Nd5 11. Bxe7 Qxe7 12. Ne4 Qb4 13. Nc3 Nxc3 14. bxc3
Qe7 15. Qf4 h6 16. h4 f5 17. exf6 Qxf6 18. Qxf6 Rxf6 19. Be2 Nc6 20. O-O-O Rc8
21. Kb2 Ne7 22. Rhg1 Nd5 23. Rc1 Nf4 24. Bf1 Ng6 25. Bd3 Bxf3 26. Bxg6 Rxg6 27.
gxf3 Rf6 28. Rg3 Rcf8 29. Rcg1 R8f7 30. Kc2 Rxf3 31. Rg6 Rxf2+ 32. Kb3 R2f6 33.
R6g4 Rf4 34. Rg6 Rxh4 35. c4 Rxd4 36. Rxh6 Kf8 37. Rh8+ Ke7 38. Kc3 e5 39. Kb4
d5 40. Rh5 Rxc4+ 41. Kb5 Rc5+ 42. Ka6 Ra5+ 43. Kb7 Kd6+ 44. Kb8 Kc6 45. Rc1+
Rc5 46. Rxc5+ bxc5 47. Rh8 d4 0-1

[Event "III Open Praiascacchi"]
[Site "Praia a Mare ITA"]
[Date "2011.04.21"]
[Round "3"]
[White "Mercuri, Delia"]
[Black "De Sio, Gennaro"]
[Result "0-1"]
[WhiteElo "1559"]
[BlackElo "1407"]
[PlyCount "86"]
[EventDate "2011.04.20"]

1. e4 c5 2. c3 d6 3. Bc4 e6 4. Nf3 Nc6 5. O-O Nf6 6. Qe2 Be7 7. d4 cxd4 8. cxd4
O-O 9. Nc3 a6 10. a3 Bd7 11. Bg5 Rc8 12. Rad1 b5 13. Ba2 Na5 14. e5 Ne8 15.
Bxe7 Qxe7 16. Ne4 dxe5 17. dxe5 Kh8 18. Qd3 Bc6 19. Nd6 Nxd6 20. exd6 Qd8 21.
Ne5 Bb7 22. f4 Nc6 23. Bb1 g6 24. Ng4 Kg8 25. Ba2 Qh4 26. h3 h5 27. Bxe6 hxg4
28. Bxc8 Rxc8 29. d7 Rd8 30. Rfe1 Ne7 31. Re3 gxh3 32. Rxh3 Qxf4 33. Qc3 f6 34.
Qe1 Qe4 35. Qf1 Kg7 36. Rf3 Nf5 37. Qf2 Qh4 38. Qb6 Bxf3 39. Qxd8 Bxd1 40. Qa8
Qd4+ 41. Kh2 Qxd7 42. Qxa6 Qd6+ 43. Qxd6 Nxd6 0-1

[Event "III Open Praiascacchi"]
[Site "Praia a Mare ITA"]
[Date "2011.04.21"]
[Round "3"]
[White "Pelyushenko, Vladyslav"]
[Black "Forlano, Luigi"]
[Result "0-1"]
[WhiteElo "1800"]
[BlackElo "2035"]
[PlyCount "56"]
[EventDate "2011.04.20"]

1. d4 d5 2. Nf3 e6 3. c4 c5 4. e3 Nf6 5. Nc3 Nc6 6. cxd5 exd5 7. dxc5 Bxc5 8.
Bb5 O-O 9. O-O a6 10. Be2 Re8 11. Nd4 Ba7 12. Bf3 Ne5 13. Be2 Qd6 14. Qc2 Bb8
15. f4 Nc6 16. Nxc6 bxc6 17. Bd2 Ba7 18. Qc1 d4 19. Nd1 dxe3 20. Bxe3 Rxe3 21.
Nxe3 Nd5 22. Qd1 Bxe3+ 23. Kh1 Bxf4 24. Qd3 Bxh2 25. Qf3 Be6 26. Rad1 Be5 27.
b3 Qe7 28. Qe4 Qg5 0-1

[Event "III Open Praiascacchi"]
[Site "Praia a Mare ITA"]
[Date "2011.04.21"]
[Round "3"]
[White "Pinton, Maurizio"]
[Black "Frontera, Domenico"]
[Result "1-0"]
[WhiteElo "2015"]
[BlackElo "1753"]
[PlyCount "151"]
[EventDate "2011.04.20"]

1. e4 c5 2. f4 d5 3. Nf3 Bg4 4. Bb5+ Nc6 5. exd5 Qxd5 6. Nc3 Qe6+ 7. Kf2 O-O-O
8. Bxc6 Qxc6 9. Ne5 Bxd1 10. Nxc6 bxc6 11. Rxd1 Nf6 12. d3 Nd5 13. Ne4 e6 14.
a3 Be7 15. c4 Nb6 16. Be3 Na4 17. Rd2 f5 18. Ng5 Bxg5 19. fxg5 e5 20. b3 Nc3
21. Rc1 f4 22. Bxf4 Rhf8 23. Rxc3 Rxf4+ 24. Kg3 Rdd4 25. h3 Rf5 26. h4 Rff4 27.
Re2 Rg4+ 28. Kf2 Rdf4+ 29. Kg1 Rf5 30. Rc1 Kd7 31. Rce1 Kd6 32. Re4 Rgf4 33.
Rxf4 Rxf4 34. Re4 a5 35. Rxf4 exf4 36. Kf2 Ke5 37. Kf3 Kd4 38. Kxf4 Kc3 39. Kf5
Kxb3 40. Ke6 Kxa3 41. Kf7 Kb3 42. Kxg7 a4 43. Kxh7 a3 44. g6 a2 45. g7 a1=Q 46.
g8=Q Qd4 47. Qg3 Qd7+ 48. Kg6 Qe8+ 49. Kf5 Qd7+ 50. Kg5 Qg7+ 51. Kf4 Qf7+ 52.
Ke3 Qe7+ 53. Kd2 Qf6 54. Qb8+ Ka2 55. Qa7+ Kb3 56. Qb6+ Ka4 57. Qxc5 Qb2+ 58.
Ke3 Qxg2 59. Qg5 Qh3+ 60. Kd4 Qd7+ 61. Kc3 Qb7 62. h5 Qb4+ 63. Kd4 Qd6+ 64. Ke4
Qe6+ 65. Qe5 Qg4+ 66. Ke3 Qh3+ 67. Kd4 Qd7+ 68. Kc3 Qb7 69. Kd2 Qb4+ 70. Ke2
Qf8 71. Qe3 Qg7 72. h6 Qg2+ 73. Kd1 Qg4+ 74. Kc2 Qg2+ 75. Kc3 c5 76. Qd2 1-0

[Event "III Open Praiascacchi"]
[Site "Praia a Mare ITA"]
[Date "2011.04.21"]
[Round "3"]
[White "Ponticelli, Carmine"]
[Black "Mileo, Miguelito"]
[Result "0-1"]
[WhiteElo "1470"]
[BlackElo "1824"]
[PlyCount "50"]
[EventDate "2011.04.20"]

1. e4 c6 2. Nf3 d5 3. exd5 cxd5 4. d4 a6 5. c4 Nf6 6. Nbd2 Bf5 7. Be2 Nc6 8.
O-O e6 9. Nb3 Be7 10. Nh4 Be4 11. f3 Bg6 12. Nxg6 hxg6 13. c5 Qc7 14. f4 Ne4
15. Be3 O-O-O 16. Nd2 f5 17. Nxe4 dxe4 18. Bc4 Nxd4 19. Bxd4 Bxc5 20. Bxe6+ Kb8
21. Kh1 Qe7 22. Be5+ Ka8 23. Qb3 Rd3 24. Bc3 Rxh2+ 25. Kxh2 Qh4# 0-1

[Event "III Open Praiascacchi"]
[Site "Praia a Mare ITA"]
[Date "2011.04.21"]
[Round "3"]
[White "Rametta, Marcello"]
[Black "Chite', Carmelo"]
[Result "1-0"]
[WhiteElo "1725"]
[BlackElo "1458"]
[PlyCount "81"]
[EventDate "2011.04.20"]

1. e4 d5 2. exd5 Qxd5 3. Nc3 Qd6 4. Be2 Nf6 5. h3 a6 6. Nf3 b5 7. d3 Bb7 8. Be3
e6 9. Qd2 Nc6 10. Bf4 Qd8 11. O-O Bd6 12. Rfe1 O-O 13. Ng5 Bxf4 14. Qxf4 h6 15.
Nge4 e5 16. Nxf6+ Qxf6 17. Qxf6 gxf6 18. Bf3 Rab8 19. Nd5 Nd4 20. Nxf6+ Kg7 21.
Nh5+ Kh8 22. Bxb7 Rxb7 23. Rac1 Rg8 24. Kf1 Rg5 25. Nf6 c6 26. Ne4 Rg6 27. Nc5
Re7 28. c3 Nf5 29. Nxa6 Nh4 30. g3 Nf3 31. Re3 Rf6 32. Nc5 Ng5 33. Kg2 Rg6 34.
h4 Ne6 35. Nxe6 Rexe6 36. Rce1 f6 37. f4 f5 38. Rxe5 Rxe5 39. Rxe5 Rf6 40. d4
Kh7 41. Kf2 1-0

[Event "III Open Praiascacchi"]
[Site "Praia a Mare ITA"]
[Date "2011.04.21"]
[Round "3"]
[White "Stoduto, Francesco"]
[Black "Valotta, Massimiliano"]
[Result "0-1"]
[WhiteElo "1458"]
[BlackElo "1856"]
[PlyCount "110"]
[EventDate "2011.04.20"]

1. d4 g6 2. Nf3 Bg7 3. e4 d6 4. Be3 Nf6 5. Nbd2 Ng4 6. Bf4 e5 7. Be3 Nxe3 8.
fxe3 O-O 9. Qe2 c5 10. d5 a6 11. c4 Bd7 12. b3 Qa5 13. g3 f5 14. Ng5 h6 15. Ne6
Bxe6 16. dxe6 Nc6 17. Bh3 fxe4 18. Kd1 Qc3 19. Rc1 Qd3 20. a3 Rad8 21. Ke1 d5
22. Bg2 Qxe2+ 23. Kxe2 d4 24. Bxe4 Rfe8 25. Bd5 Kh7 26. Rhf1 dxe3 27. Ne4 Nd4+
28. Kxe3 Nxe6 29. Rf7 Kh8 30. Rcf1 b5 31. Nf6 Bxf6 32. R1xf6 Nf8 33. Rxa6 bxc4
34. Bxc4 Rd1 35. Rf2 Red8 36. Raf6 Re1+ 37. Be2 Kg7 38. Rf7+ Kg8 39. R2f3 Ne6
40. R7f6 Nd4 41. Rf2 Nf5+ 42. Ke4 Kg7 43. Rc6 Rd2 44. Rc7+ Kf6 45. Rc6+ Kf7 46.
Rc7+ Ke6 47. Rc6+ Nd6+ 48. Ke3 Rb2 49. Kd3 e4+ 50. Ke3 Kd5 51. Rxd6+ Kxd6 52.
Rf6+ Ke5 53. Rf2 Rxb3+ 54. Kd2 Ra1 55. Bd1 Rb2+ 0-1

[Event "III Open Praiascacchi"]
[Site "Praia a Mare ITA"]
[Date "2011.04.22"]
[Round "4"]
[White "Attina', Rodolfo"]
[Black "Stoduto, Francesco"]
[Result "1-0"]
[WhiteElo "1425"]
[BlackElo "1458"]
[PlyCount "99"]
[EventDate "2011.04.20"]

1. d4 e6 2. Nf3 d5 3. g3 c5 4. Bg2 Nc6 5. a3 Nf6 6. Bg5 Be7 7. Nc3 a6 8. O-O b5
9. Re1 O-O 10. Be3 c4 11. b3 Rb8 12. b4 h6 13. Bf4 Bd6 14. Ne5 Bb7 15. Qd2 Bxe5
16. Bxe5 Nxe5 17. dxe5 Ne4 18. Nxe4 dxe4 19. Qe3 Qc7 20. Bxe4 Qxe5 21. Bh7+
Kxh7 22. Qxe5 Rfe8 23. c3 f6 24. Qc5 g6 25. Rad1 Bd5 26. Qa7+ Rb7 27. Qd4 Kg7
28. e4 Bc6 29. Qe3 Rf8 30. Rd6 Bd7 31. Red1 Rf7 32. e5 f5 33. Rxa6 Bc8 34. Rad6
Bd7 35. h4 Be8 36. Rxe6 Bd7 37. Red6 Re7 38. h5 g5 39. Qd4 Be6 40. Ra1 Kf7 41.
a4 Ra7 42. a5 Bc8 43. Qd5+ Be6 44. Qd4 Rad7 45. a6 Ra7 46. Rd8 Red7 47. Rxd7+
Rxd7 48. Qb6 Ke7 49. a7 Bd5 50. Qf6+ 1-0

[Event "III Open Praiascacchi"]
[Site "Praia a Mare ITA"]
[Date "2011.04.22"]
[Round "4"]
[White "Barlotti, Gabriele"]
[Black "Rametta, Marcello"]
[Result "1/2-1/2"]
[WhiteElo "1688"]
[BlackElo "1725"]
[PlyCount "79"]
[EventDate "2011.04.20"]

1. d4 d5 2. c4 dxc4 3. Nf3 Nf6 4. e3 e6 5. Bxc4 Be7 6. O-O b6 7. Nc3 Bb7 8.
Bb5+ c6 9. Be2 Qc7 10. Qc2 Nbd7 11. Nb5 Qc8 12. Nc3 c5 13. dxc5 Qxc5 14. Qb3
O-O 15. Bd2 Ne5 16. Na4 Qd6 17. Bb4 Qxb4 18. Qxb4 Bxb4 19. Nxe5 Rac8 20. Rac1
Bd5 21. a3 Bd6 22. Nf3 Ng4 23. h3 Ne5 24. Nc3 Bxf3 25. Bxf3 Nxf3+ 26. gxf3 Be5
27. Rfd1 Rfd8 28. f4 Bf6 29. Kg2 g6 30. Rxd8+ Rxd8 31. b4 Rd3 32. Ne4 Bb2 33.
Rc7 f5 34. Ng5 Rxa3 35. Rc8+ Kg7 36. Nxe6+ Kh6 37. Rc7 a5 38. Ng5 Bg7 39. bxa5
Rxa5 40. Ne6 1/2-1/2

[Event "III Open Praiascacchi"]
[Site "Praia a Mare ITA"]
[Date "2011.04.22"]
[Round "4"]
[White "Brogneri, Giovanni"]
[Black "Pelyushenko, Vladyslav"]
[Result "0-1"]
[WhiteElo "1696"]
[BlackElo "1800"]
[PlyCount "146"]
[EventDate "2011.04.20"]

1. e4 c5 2. Nc3 Nc6 3. g3 g6 4. Bg2 Bg7 5. d3 d6 6. Be3 Nf6 7. h3 O-O 8. Qd2
Rb8 9. Nge2 b5 10. Bh6 b4 11. Nd1 Qc7 12. Bxg7 Kxg7 13. O-O Nd4 14. Ne3 a5 15.
f4 a4 16. g4 e6 17. Ng3 Qe7 18. f5 Kg8 19. g5 Nd7 20. f6 Qd8 21. Nc4 Ne5 22.
Nxe5 dxe5 23. Qf2 Qd6 24. h4 Rd8 25. h5 Nc6 26. hxg6 hxg6 27. Ne2 Nd4 28. Nxd4
Qxd4 29. Qxd4 exd4 30. Kf2 Kf8 31. e5 Bb7 32. Rh1 Ke8 33. Bxb7 Rxb7 34. Rh8+
Kd7 35. Rxd8+ Kxd8 36. Rh1 Kc7 37. Rh8 Kb6 38. Re8 Kc6 39. Ra8 Kd5 40. Rxa4
Kxe5 41. Ra5 Rc7 42. Kg3 Kf5 43. Kh4 e5 44. a3 bxa3 45. bxa3 Kf4 46. Ra8 c4 47.
Re8 cxd3 48. cxd3 Rc1 49. Kh3 Kxg5 50. Rxe5+ Kxf6 51. Re4 Ra1 52. Rxd4 Rxa3 53.
Kg4 Ra5 54. Kf4 Rh5 55. Kg4 Rh1 56. Rd8 Ke7 57. Rd5 f5+ 58. Kg5 Rg1+ 59. Kf4
Ke6 60. Ra5 g5+ 61. Kf3 f4 62. d4 Rg3+ 63. Kf2 g4 64. Rg5 Kf6 65. Re5 Rd3 66.
Re4 g3+ 67. Ke2 g2 68. Kf2 Rd2+ 69. Kg1 Kg5 70. Re8 Kg4 71. Rg8+ Kf3 72. d5
Rd1+ 73. Kh2 Rh1# 0-1

[Event "III Open Praiascacchi"]
[Site "Praia a Mare ITA"]
[Date "2011.04.22"]
[Round "4"]
[White "Chite', Carmelo"]
[Black "Felace, Luca"]
[Result "0-1"]
[WhiteElo "1458"]
[BlackElo "1407"]
[PlyCount "92"]
[EventDate "2011.04.20"]

1. d4 Nf6 2. Nc3 d5 3. Bg5 Nbd7 4. Nf3 g6 5. Qd2 Bg7 6. Bh6 O-O 7. Bxg7 Kxg7 8.
O-O-O Nb6 9. e3 a5 10. h4 a4 11. a3 Bg4 12. Re1 Bf5 13. Bd3 Bxd3 14. Qxd3 Ng4
15. Qe2 f5 16. h5 Qd6 17. hxg6 hxg6 18. Ng5 Rh8 19. f3 Nf6 20. g4 e6 21. gxf5
exf5 22. Qg2 Rxh1 23. Rxh1 Nc4 24. Qh3 Nh5 25. Nd1 Re8 26. Re1 b5 27. Qg2 b4
28. axb4 Qxb4 29. c3 Qb3 30. Qc2 Nf4 31. Nf2 Qxc2+ 32. Kxc2 Rxe3 33. Rxe3 Nxe3+
34. Kb1 Nc4 35. Nfh3 Nxh3 36. Nxh3 Nd2+ 37. Ka2 Nxf3 38. Ka3 g5 39. Kxa4 g4 40.
Nf4 Kf6 41. Kb3 Kg5 42. Ng2 Nh4 43. Ne1 f4 44. Kc2 f3 45. Nd3 g3 46. Ne1 f2 0-1

[Event "III Open Praiascacchi"]
[Site "Praia a Mare ITA"]
[Date "2011.04.22"]
[Round "4"]
[White "De Sio, Gennaro"]
[Black "Frontera, Domenico"]
[Result "1/2-1/2"]
[WhiteElo "1407"]
[BlackElo "1753"]
[PlyCount "135"]
[EventDate "2011.04.20"]

1. d4 d5 2. c4 e6 3. Nc3 c6 4. Nf3 Be7 5. Bf4 Bd6 6. Qd2 Nf6 7. cxd5 exd5 8.
Bxd6 Qxd6 9. e3 Bf5 10. Bd3 Bxd3 11. Qxd3 O-O 12. O-O Nbd7 13. Rac1 Rfe8 14. a3
a5 15. Na4 Ne4 16. Nd2 b5 17. Nc3 Nxd2 18. Qxd2 b4 19. axb4 Qxb4 20. Nb1 Qb7
21. Nc3 c5 22. dxc5 Nxc5 23. Qxd5 Qxd5 24. Nxd5 Nd3 25. Rb1 Rab8 26. b3 Nb4 27.
Nxb4 Rxb4 28. Rfc1 Reb8 29. Ra1 Ra8 30. Rxa5 Rd8 31. Rd5 Rdb8 32. Rb1 g6 33.
Rd3 Rc8 34. Kf1 Rc2 35. Ke1 f5 36. Rd2 Rc3 37. Rdb2 f4 38. Kd2 Rc8 39. Rc2
fxe3+ 40. fxe3 Rd8+ 41. Ke2 Ra8 42. Rc4 Ra2+ 43. Kf3 Rb5 44. b4 Rf5+ 45. Rf4
Rb5 46. h3 g5 47. Rg4 h5 48. Rc4 Rf5+ 49. Kg3 Rff2 50. Rg1 h4+ 51. Kh2 Rab2 52.
e4 Kf7 53. e5 Ke6 54. Rc5 Rxb4 55. Rd1 Rbb2 56. Rd6+ Ke7 57. Rc7+ Ke8 58. e6
Rxg2+ 59. Kh1 Rgd2 60. Rxd2 Rxd2 61. Rc5 Rd3 62. Kg2 Rg3+ 63. Kh2 Ke7 64. Re5
Rb3 65. Rxg5 Rb2+ 66. Kh1 Kf6 67. Rg4 Rb1+ 68. Kh2 1/2-1/2

[Event "III Open Praiascacchi"]
[Site "Praia a Mare ITA"]
[Date "2011.04.22"]
[Round "4"]
[White "Di Salvio, Giuseppe"]
[Black "Morelli, Gaetano"]
[Result "1/2-1/2"]
[WhiteElo "1864"]
[BlackElo "1840"]
[PlyCount "43"]
[EventDate "2011.04.20"]

1. e4 e5 2. Nf3 Nc6 3. Bb5 a6 4. Bxc6 dxc6 5. O-O Bd6 6. c3 Nf6 7. d3 Bg4 8.
Nbd2 h6 9. h3 Be6 10. d4 Nd7 11. dxe5 Nxe5 12. Nxe5 Bxe5 13. f4 Bd6 14. f5 Bd7
15. Nf3 Qe7 16. Qe1 f6 17. Nh4 Qe5 18. Bf4 Qc5+ 19. Be3 Qe5 20. Bf4 Qc5+ 21.
Be3 Qe5 22. Bf4 1/2-1/2

[Event "III Open Praiascacchi"]
[Site "Praia a Mare ITA"]
[Date "2011.04.22"]
[Round "4"]
[White "Forlano, Luigi"]
[Black "Pinton, Maurizio"]
[Result "0-1"]
[WhiteElo "2035"]
[BlackElo "2015"]
[PlyCount "68"]
[EventDate "2011.04.20"]

1. e4 g6 2. d4 Bg7 3. Be3 d6 4. Nc3 a6 5. a4 b6 6. Qd2 Bb7 7. h4 h6 8. g4 Nd7
9. Bg2 c5 10. d5 Ne5 11. Qe2 Bc8 12. f3 Nf6 13. Nh3 Bd7 14. Nf2 Qc8 15. Bh3 Rb8
16. f4 Nexg4 17. e5 Nxf2 18. exf6 Nxh3 19. fxg7 Rg8 20. f5 Bxf5 21. Bxh6 Bg4
22. Qe3 Qf5 23. Rxh3 Bxh3 24. O-O-O b5 25. Re1 Rb7 26. axb5 axb5 27. Ne4 Kd8
28. Bg5 Qd7 29. Nxc5 dxc5 30. d6 f6 31. dxe7+ Qxe7 32. Qd2+ Qd7 33. Qa5+ Kc8
34. Bxf6 Ra7 0-1

[Event "III Open Praiascacchi"]
[Site "Praia a Mare ITA"]
[Date "2011.04.22"]
[Round "4"]
[White "Gad, Ahmad"]
[Black "Cordi', Domenico"]
[Result "1-0"]
[WhiteElo "1954"]
[BlackElo "2042"]
[PlyCount "99"]
[EventDate "2011.04.20"]

1. e4 c5 2. Nf3 d6 3. d4 cxd4 4. Nxd4 Nf6 5. Nc3 a6 6. Be2 e5 7. Nb3 Be7 8. O-O
Qc7 9. Be3 Be6 10. a4 Nbd7 11. Qd2 O-O 12. Rfd1 Rac8 13. Nc1 Nb6 14. N1a2 Nc4
15. Qc1 h6 16. Rd3 Qa5 17. Bxh6 Ne8 18. b3 Kh7 19. Bxg7 Nxg7 20. bxc4 Rxc4 21.
Nd5 Bd8 22. Nac3 Rh8 23. Rb1 b6 24. Qe3 f5 25. Qh3+ Kg8 26. Qxh8+ Kxh8 27. Rh3+
Kg8 28. Bxc4 fxe4 29. Rh6 Qc5 30. Ba2 Kf7 31. Rd1 Nf5 32. Rh3 b5 33. Nxe4 Qxc2
34. Nec3 Nd4 35. Bb1 Qb3 36. Ba2 Qb2 37. Rg3 Kf8 38. Rgd3 Ba5 39. R1d2 Qc1+ 40.
Rd1 Qa3 41. R1d2 b4 42. Nb5 Qc1+ 43. Rd1 Qc2 44. R1d2 Qxa4 45. Nxd4 exd4 46.
Rxd4 Bf7 47. Rf4 Qc6 48. Rxf7+ Ke8 49. Re7+ Kd8 50. Rde2 1-0

[Event "III Open Praiascacchi"]
[Site "Praia a Mare ITA"]
[Date "2011.04.22"]
[Round "4"]
[White "Garofalo, Raffaele"]
[Black "Carlomagno, Feliciano"]
[Result "1/2-1/2"]
[WhiteElo "1441"]
[BlackElo "1353"]
[PlyCount "53"]
[EventDate "2011.04.20"]

1. d4 d5 2. Nf3 e6 3. e3 Nf6 4. Bd3 Be7 5. Nbd2 Nc6 6. c3 b6 7. O-O O-O 8. e4
Re8 9. e5 Nd7 10. Re1 f5 11. exf6 Nxf6 12. Ne5 Nxe5 13. Rxe5 Bd6 14. Re1 c5 15.
Nf3 Qc7 16. Ne5 c4 17. Bc2 Bb7 18. Bg5 Bxe5 19. dxe5 Ne4 20. Bxe4 dxe4 21. Bf4
Qc6 22. Qd6 Rad8 23. Qxc6 Bxc6 24. Be3 Rd5 25. Bd4 Rb5 26. Rab1 Rf8 27. Re3
1/2-1/2

[Event "III Open Praiascacchi"]
[Site "Praia a Mare ITA"]
[Date "2011.04.22"]
[Round "4"]
[White "Greco, Simone"]
[Black "Carlomagno, Vincenzo"]
[Result "1/2-1/2"]
[WhiteElo "1611"]
[BlackElo "1871"]
[PlyCount "69"]
[EventDate "2011.04.20"]

1. e4 c5 2. Nc3 a6 3. Nf3 d6 4. g3 Nc6 5. Bg2 g6 6. d3 Bg7 7. O-O e6 8. Be3
Nge7 9. Nd2 O-O 10. f4 f5 11. e5 Nd4 12. exd6 Qxd6 13. Nc4 Qc7 14. a4 Bd7 15.
Ne2 Nd5 16. Nxd4 cxd4 17. Bf2 b5 18. axb5 axb5 19. Na3 Rac8 20. Qd2 Ne3 21.
Bxe3 dxe3 22. Qb4 Qb6 23. c3 Qc5 24. Qxc5 Rxc5 25. Rae1 b4 26. d4 Rc7 27. Nb1
bxc3 28. bxc3 Bb5 29. Rf3 e2 30. Re3 Kf7 31. Bf3 Rb8 32. Bxe2 Bc6 33. Bf3 Bxf3
34. Rxf3 Rb2 35. Rf2 1/2-1/2

[Event "III Open Praiascacchi"]
[Site "Praia a Mare ITA"]
[Date "2011.04.22"]
[Round "4"]
[White "Mileo, Miguelito"]
[Black "Vizza, Pietro"]
[Result "1-0"]
[WhiteElo "1824"]
[BlackElo "1479"]
[PlyCount "81"]
[EventDate "2011.04.20"]

1. d4 d6 2. Bf4 Nd7 3. Nf3 Ngf6 4. h3 g6 5. e3 Bg7 6. Be2 c6 7. O-O Qb6 8. Qc1
O-O 9. c3 Ne4 10. Nbd2 Ndf6 11. Nc4 Qd8 12. Qd1 b5 13. Ncd2 Qb6 14. Rc1 Be6 15.
c4 Rfc8 16. b3 b4 17. Nb1 Qa5 18. Qc2 Bf5 19. Bd3 d5 20. c5 h5 21. Nfd2 Nxd2
22. Nxd2 Bxd3 23. Qxd3 Ne4 24. Rc2 Nc3 25. a4 Kh7 26. Nb1 Ne4 27. f3 Nf6 28.
Nd2 Bh6 29. Bxh6 Kxh6 30. e4 Qc7 31. e5 Ne8 32. g4 Ng7 33. Qe3+ Kh7 34. f4 Qd7
35. Qg3 Rg8 36. Nf3 f6 37. Kh2 Raf8 38. Ra2 a5 39. Re1 e6 40. Nh4 g5 41. fxg5
1-0

[Event "III Open Praiascacchi"]
[Site "Praia a Mare ITA"]
[Date "2011.04.22"]
[Round "4"]
[White "Palermiti, Francesco"]
[Black "Campilongo, Emanuele"]
[Result "1-0"]
[WhiteElo "1521"]
[BlackElo "1419"]
[PlyCount "91"]
[EventDate "2011.04.20"]

1. d4 d5 2. Nf3 Nf6 3. e3 Bg4 4. h3 Bxf3 5. Qxf3 e6 6. a3 Be7 7. c4 c6 8. Nd2
O-O 9. Bd3 g6 10. O-O Na6 11. c5 Qa5 12. Nb3 Qa4 13. Bc2 b5 14. Bd2 Qc4 15.
Rac1 b4 16. axb4 Nxb4 17. Bxb4 Qxb4 18. Ra1 Qb7 19. Rfb1 Qc7 20. Nd2 e5 21.
dxe5 Qxe5 22. b4 Qc3 23. Qd1 Rab8 24. Rb3 Qe5 25. Rxa7 Bd8 26. Nf3 Qe6 27. Nd4
Qc8 28. Bd3 Rb7 29. Ba6 Qg4 30. hxg4 Rxa7 31. b5 Ne4 32. Nxc6 Rc7 33. Qxd5 Nf6
34. Qe5 Re8 35. Qb2 Rd7 36. Nxd8 Rd1+ 37. Kh2 Nxg4+ 38. Kg3 h5 39. Nc6 Re4 40.
Nd4 Re1 41. Ne2 Rf1 42. Bb7 Re7 43. Bf3 Nxf2 44. Ra3 Kh7 45. Ra8 Nd3 46. Qh8#
1-0

[Event "III Open Praiascacchi"]
[Site "Praia a Mare ITA"]
[Date "2011.04.22"]
[Round "4"]
[White "Trematerra, Massimiliano"]
[Black "Mercuri, Delia"]
[Result "0-1"]
[WhiteElo "1392"]
[BlackElo "1559"]
[PlyCount "72"]
[EventDate "2011.04.20"]

1. d4 d5 2. c4 e6 3. Nc3 Nf6 4. Bg5 Be7 5. e3 O-O 6. c5 Nc6 7. Bb5 Bd7 8. Ba4
b6 9. Bxc6 Bxc6 10. b4 b5 11. Nf3 a6 12. Rb1 Nd7 13. Bf4 Ra7 14. O-O Qa8 15.
Rb3 f6 16. Nh4 f5 17. Nf3 Qd8 18. a4 bxa4 19. b5 axb3 20. bxc6 Nb8 21. Ne5 Qe8
22. Ne2 Nxc6 23. Ng3 Rb7 24. Qb1 a5 25. f3 a4 26. e4 Nxd4 27. exd5 Bxc5 28. Kh1
Nc2 29. dxe6 Qxe6 30. Nd3 Ba7 31. Rc1 Rfb8 32. Qb2 Bd4 33. Re1 Qxe1+ 34. Nxe1
Bxb2 35. Nxc2 bxc2 36. Ne2 a3 0-1

[Event "III Open Praiascacchi"]
[Site "Praia a Mare ITA"]
[Date "2011.04.22"]
[Round "4"]
[White "Valotta, Massimiliano"]
[Black "Alagia, Pietro"]
[Result "1-0"]
[WhiteElo "1856"]
[BlackElo "1607"]
[PlyCount "33"]
[EventDate "2011.04.20"]

1. d4 d5 2. c4 c6 3. e3 g6 4. f4 Bg7 5. cxd5 cxd5 6. Nf3 Nf6 7. Bd3 O-O 8. O-O
Nc6 9. Nc3 b6 10. a3 Bb7 11. f5 Rc8 12. fxg6 hxg6 13. Qc2 Na5 14. Ng5 Qe8 15.
Qf2 Nc4 16. Qh4 e5 17. Rxf6 1-0

[Event "III Open Praiascacchi"]
[Site "Praia a Mare ITA"]
[Date "2011.04.22"]
[Round "5"]
[White "Alagia, Pietro"]
[Black "Greco, Simone"]
[Result "1/2-1/2"]
[WhiteElo "1607"]
[BlackElo "1611"]
[PlyCount "97"]
[EventDate "2011.04.20"]

1. d4 e6 2. g3 Nf6 3. Bg2 g6 4. Nf3 Bg7 5. O-O O-O 6. Nbd2 d5 7. c3 b6 8. Re1
Bb7 9. Ne5 Nbd7 10. Ndf3 Nxe5 11. Nxe5 Nd7 12. Nd3 Rc8 13. h4 h6 14. Nf4 c5 15.
e3 Qe7 16. h5 g5 17. Nh3 f5 18. f3 Nf6 19. g4 fxg4 20. fxg4 Qd6 21. Nf2 Qg3 22.
Qf3 Qxf3 23. Bxf3 Nxh5 24. Kg2 Nf6 25. Rh1 Rf7 26. Nd3 Nd7 27. Nf2 Rcf8 28. Rh3
Nf6 29. Nd3 Nd7 30. Bd2 Ba6 31. Nf2 Nf6 32. Be1 Nh7 33. Nh1 Bf1+ 34. Kxf1 Rxf3+
35. Rxf3 Rxf3+ 36. Ke2 Rf7 37. Bg3 Nf8 38. Nf2 Nd7 39. Nd3 a5 40. dxc5 bxc5 41.
Bd6 c4 42. Nc5 Ne5 43. Bxe5 Bxe5 44. Nxe6 Re7 45. Nd4 Bc7 46. Nf5 Re6 47. Rd1
Rb6 48. Rd2 Kf7 49. Kf3 1/2-1/2